Brand Babble (Record no. 235258)

MARC details
000 -LEADER
fixed length control field 00345pam a2200145 a 4500
020 ## - INTERNATIONAL STANDARD BOOK NUMBER
Terms of availability
041 ## - LANGUAGE CODE
Language code of original
082 ## - DEWEY DECIMAL CLASSIFICATION NUMBER
Classification number 658.827
Item number SCH
100 ## - MAIN ENTRY--PERSONAL NAME
Personal name Don. E. Sehultz / Heidi F. Schultz.
245 ## - TITLE STATEMENT
Title Brand Babble
Remainder of title Brand Babble
Medium Textual Documents
250 ## - EDITION STATEMENT
Edition statement 2004.
260 ## - PUBLICATION, DISTRIBUTION, ETC.
Place of publication, distribution, etc. America
Name of publisher, distributor, etc. Thomson Book
300 ## - PHYSICAL DESCRIPTION
Extent 176:
Other physical details paper.
930 ## - EQUIVALENCE OR CROSS-REFERENCE-UNIFORM TITLE HEADING [LOCAL, CANADA]
Uniform title 1468
Holdings
Withdrawn status Lost status Damaged status Not for loan Collection Home library Current library Date acquired Source of acquisition Cost, normal purchase price Total Checkouts Full call number Barcode Date last seen Copy number Price effective from Koha item type
          College of Fine Arts, Pune College of Fine Arts, Pune 14/12/2005 Chandrakant Book Distributors Mumbai 1350.00   658.827 SCH FAP-1468 07/03/2023 1 07/03/2023 Book